JASSA the journal of the Securities Institute of Australia

Bibliographic Details
Corporate Author: Securities Institute of Australia
Format: Unknown
Language:English
Published: Sydney, N.S.W. : The Institute,
Online Access:Acceso restringido

MARC

LEADER 00000ny a22000003n 4500
005 20110516104518.0
008 950121u1976uuuuat qr p s 0 a0eng c
022 |a 0313-5934 
035 |a 5158 
040 |a MnMULS  |d vLex 
090 |c 1928  |d 1928 
245 3 0 |a JASSA  |h [Recurso electrn̤ico]  |b the journal of the Securities Institute of Australia 
246 3 0 |a Journal of the Securities Institute of Australia 
256 |a Servicio en ln̕ea 
260 |a Sydney, N.S.W. :  |b The Institute, 
310 |a Trimestral 
506 1 |a Contenido solo disponible en los productos indicados  |d vLex Global  |d vLex Global (Academic Edition, excluding Law Schools)  |d vLex Global (U.S. Academic Edition, excluding Law Schools) 
710 2 |a Securities Institute of Australia 
740 |a vLex Revista (Servicios en ln̕ea) 
843 |a Electrn̤ica. Abierta 
853 |8 1  |i (year)  |j (month)  |k (day) 
856 4 0 |z Acceso restringido  |u http://vlex.com/account/login_ip?fuente_id=5158 
942 |c REV 
999 0 |a Business and economics 
999 0 |a Investments